header

Irving Howe (Record no. 54524)

MARC details
000 -LEADER
fixed length control field 01524nam a2200373Ia 4500
082 04 - DEWEY DECIMAL CLASSIFICATION NUMBER
Classification number 974.7/100492/0092
-- B
100 1# - MAIN ENTRY--AUTHOR NAME
Personal name Sorin, Gerald,
245 10 - TITLE STATEMENT
Title Irving Howe
260 ## - PUBLICATION, DISTRIBUTION, ETC. (IMPRINT)
Place of publication New York :
Name of publisher New York University Press,
Year of publication c2002.
300 ## - PHYSICAL DESCRIPTION
Number of Pages xiv, 386 p. :
Other physical details ill.
650 #0 - SUBJECT ADDED ENTRY--TOPICAL TERM
Topical Term Jews
Topical Term Critics
Topical Term Jewish radicals
Topical Term Jews
856 40 - ELECTRONIC LOCATION AND ACCESS
Uniform Resource Identifier http://site.ebrary.com/lib/rucke/Doc?id=10078480

No items available.

© 2026 Rongo University
Contact us: librarian | system librarian | Rongo university